000 00511 a2200169 4500
999 _c41404
_d41404
003 OSt
005 20220103145801.0
008 220103b ||||| |||| 00| 0 eng d
020 _a9789384813963
040 _coclc
082 _a364.168
_bPAN/I
100 _98966
_aPande, Jeetendra
_cDr.
245 _aIntroduction to cyber security /
_c Dr. Jeetendra Pande
260 _bUttarakhand Open University,
_c2017.
300 _a151 pages
942 _2ddc
_cBK
_h364.168
_iPAN/I
_k364.168
_mPAN/I